الوصايا فى عشق النساء.الكتاب الاول/ (Record no. 12584)

MARC details
000 -LEADER
fixed length control field 00804nam a22001697a 4500
008 - FIXED-LENGTH DATA ELEMENTS--GENERAL INFORMATION
fixed length control field 090816t xxu||||| |||| 00| 0 eng d
020 ## - INTERNATIONAL STANDARD BOOK NUMBER
International Standard Book Number 9770186341
082 ## - DEWEY DECIMAL CLASSIFICATION NUMBER
Edition number 22
Classification number 811,008
Item number ش ه ا
100 ## - MAIN ENTRY--PERSONAL NAME
9 (RLIN) 8448
Personal name الشهاوى، احمد
245 ## - TITLE STATEMENT
Title الوصايا فى عشق النساء.الكتاب الاول/
Statement of responsibility, etc احمد الشهاوى
260 ## - PUBLICATION, DISTRIBUTION, ETC. (IMPRINT)
Place of publication, distribution, etc القاهرة:
Name of publisher, distributor, etc ،الدار المصرية اللبنانية
Date of publication, distribution, etc 2003
300 ## - PHYSICAL DESCRIPTION
Extent ؛ص255
Dimensions 18.سم
490 ## - Series Statement
Series statement الاعمال الابداعية
650 ## - SUBJECT ADDED ENTRY--TOPICAL TERM
9 (RLIN) 7996
Topical term or geographic name as entry element الشعر العربى
Form subdivision -- دواوين وقصائد
942 ## - ADDED ENTRY ELEMENTS (KOHA)
Source of classification or shelving scheme Dewey Decimal Classification
Item type Book - Borrowing
Holdings
Withdrawn status Item status Source of classification or shelving scheme Damaged status Not for loan Vendor Home library Current library Shelving location Date acquired Source of acquisition Total Checkouts Total Renewals Full call number Barcode Checked out Date last seen Date last borrowed Koha item type
    Dewey Decimal Classification     Alef-Baa Central Library Central Library Second Floor 16/08/2009   1 1 811.008 الش 000017875 08/10/2015 08/09/2011 08/09/2011 Book - Borrowing